Score 0/12 Timer 02:30
3 Plays Today
% Correct
How the Grinch Stole Christmas!
95.4%
A Bear Called Paddington
95%
Clifford, the Big Red Dog
94.6%
The Very Hungry Caterpillar
93.9%
Curious George
92.6%
Alice's Adventures in Wonderland
92.3%
The Cat in the Hat
90.9%
The Gruffalo
89.2%
The Little Prince
88.9%
Green Eggs and Ham
87.5%
The Wonderful Wizard of Oz
85%
Where the Wild Things Are
42.2%
Remove Ads.
Support Sporcle.
Get the best of Sporcle when you Go Orange. This ad-free experience offers more features, more stats, and more fun while also helping to support Sporcle. Thank you for becoming a member.

You're not logged in!

Compare scores with friends on all Sporcle quizzes.
OR
Log In

Show Comments

Extras

Top Quizzes Today


Score Distribution

Your Account Isn't Verified!

In order to create a playlist on Sporcle, you need to verify the email address you used during registration. Go to your Sporcle Settings to finish the process.

Report this User

Report this user for behavior that violates our Community Guidelines.

Details: